Alles mit S - Geografie - Statistiken

Allgemein
  • Dieses Quiz wurde 179 mal gespielt
    117 seit der letzten Aktualisierung
  • Das Durchschnittsergebnis liegt bei 39 aus 64
Antwortstatistiken
Hint Antwort % Korrekt
Schweden
93%
Spanien
93%
Schweiz
92%
Sambia
90%
Senegal
90%
Simbabwe
90%
St. Lucia
89%
Sudan
89%
Südkorea
89%
Länder Salomonen
88%
Südsudan
88%
St. Kitts und Nevis
87%
Paris liegt an der ... Seine
86%
Seychellen
86%
Slowakei
86%
Slowenien
86%
Südafrika
86%
Serbien
84%
St. Vincent und die Grenadinen
84%
Samoa
83%
Syrien
83%
Fluss im SL, RP und Elsass Saar
82%
Singapur
82%
Singapur
82%
Deutsche Städte 90 000+ Stuttgart
82%
Somalia
80%
San Marino
79%
San Marino
79%
Sri Lanka
79%
Stockholm
78%
Suriname
77%
Saudi-Arabien
74%
Fluss durch Berlin Spree
73%
Sao Tome
72%
São Tomé und Príncipe
72%
Kanal zwischen Mittelmeer und Rotem Meer Suezkanal
72%
Sierra Leone
60%
Saarbrücken
58%
Seoul
52%
Schwerin
51%
Sofia
50%
Sarajevo
46%
Nebenfluss der Elbe in BY, TH und ST Saale
44%
San Salvador
44%
Solingen
43%
Santiago de Chile
41%
Skopje
40%
Sanaa
37%
4. längster Fluss Afrikas, im südlichenAfrika, fließt in den indischen Ozean Sambesi
33%
Sucre
32%
Salzgitter
31%
Siegen
31%
Hauptstädte San Jose
30%
Santo Domingo
29%
Suva
24%
St.John's
22%
St. George's
21%
der längst Fluss Großbritanniens Severn
17%
South Tarawa
12%
3. längster Fluss in Nordamerika Sankt-Lorenz-Strom
8%
Sri Jayewardenepura
6%
Fluss im Irak, Zusammenfluss von Euphrat und Tigris Schatt-al-Arab
4%
der kleinste der 8000er Shishapangma
2%
zweithöchster Berg im Zugspitzmassiv Schneefernerkopf
1%
Keine übereinstimmenden Quizze gefunden
Verteilung der Resultate
Anzahl Personen mit jedem Resultat
Perzentil nach korrekt beantworteten Fragen
Ihre Resultats-Entwicklung
Sie haben dieses Quiz seit der letzten Aktualisierung nicht gespielt